[Event "FIN-chT 2223"]
[Site "Finland"]
[Date "2023.04.02"]
[Round "11.7"]
[White "Hart, Alexander E"]
[Black "Aura, Kristian"]
[Result "0-1"]
[WhiteElo "1985"]
[BlackElo "1888"]
[PlyCount "60"]
[EventDate "2022.09.24"]
[EventType "team-tourn"]
[EventRounds "11"]
[EventCountry "FIN"]
[SourceTitle "EXT 2024"]
[Source "ChessBase"]
[SourceDate "2023.10.10"]
[SourceVersion "1"]
[SourceVersionDate "2023.10.10"]
[SourceQuality "1"]
[WhiteTeam "Raahe Li"]
[BlackTeam "Helsinki HSK"]
[WhiteTeamCountry "FIN"]
[BlackTeamCountry "FIN"]

1. d4 d5 2. c4 e6 3. Nc3 Nf6 4. cxd5 exd5 5. Bg5 Be7 6. e3 c6 7. Qc2 0-0 8. Bd3 Nbd7 9. Nge2 Re8 10. h3 Nf8 11. Bh4 Nh5 12. Bxe7 Qxe7 13. g4 Nf6 14. 0-0-0 Be6 15. Rdg1 Rac8 16. Nf4 b5 17. g5 N6d7 18. h4 b4 19. Na4 c5 20. dxc5 Nxc5 21. Kb1 b3 22. Qd1 Nxa4 23. h5 bxa2+ 24. Ka1 Qb4 25. Qe2 Rb8 26. g6 Qxb2+ 27. Qxb2 Rxb2 28. gxf7+ Bxf7 29. Rh4 Rd2 30. Bb5 Nc5 0-1

[Event "FIN-chT 2223"]
[Site "Finland"]
[Date "2023.02.11"]
[Round "9.7"]
[White "Rasanen, Otto"]
[Black "Aura, Kristian"]
[Result "1-0"]
[WhiteElo "2046"]
[BlackElo "1888"]
[PlyCount "91"]
[EventDate "2022.09.24"]
[EventType "team-tourn"]
[EventRounds "11"]
[EventCountry "FIN"]
[SourceTitle "EXT 2024"]
[Source "ChessBase"]
[SourceDate "2023.10.10"]
[SourceVersion "1"]
[SourceVersionDate "2023.10.10"]
[SourceQuality "1"]
[WhiteTeam "Vantaa EtVaS"]
[BlackTeam "Helsinki HSK"]
[WhiteTeamCountry "FIN"]
[BlackTeamCountry "FIN"]

1. e4 d5 2. exd5 Qxd5 3. Nc3 Qd8 4. d4 c6 5. Bc4 Nf6 6. Nf3 Bf5 7. Ne5 e6 8. g4 Bg6 9. h4 Bb4 10. f3 Nd5 11. Bd2 Nb6 12. Bb3 Qxd4 13. Qe2 Bd6 14. f4 Bxe5 15. fxe5 h5 16. 0-0-0 N8d7 17. Bg5 Qxg4 18. Qe3 Nd5 19. Nxd5 cxd5 20. Rd4 Qf5 21. Re1 Rc8 22. Rf4 Qxe5 23. Qxe5 Nxe5 24. Rxe5 0-0 25. Be7 Rfe8 26. Bb4 b5 27. Bc3 Red8 28. Rg5 Rc6 29. a4 a6 30. axb5 axb5 31. Rb4 Rdc8 32. Rg2 Rb6 33. Bd4 Rb7 34. c3 Kh7 35. Bc2 Bxc2 36. Rxg7+ Kh6 37. Kxc2 Rc4 38. Rxc4 bxc4 39. b4 cxb3+ 40. Kb2 Re7 41. Be5 Rb7 42. Bf6 Rc7 43. Kxb3 Rc8 44. Kc2 Rc6 45. Rxf7 Rc8 46. Bg5+ 1-0

[Event "FIN-chT2 Gp3 1819"]
[Site "Finland"]
[Date "2018.11.10"]
[Round "4.1"]
[White "Aura, Kristian"]
[Black "Salo, Tapio"]
[Result "1/2-1/2"]
[WhiteElo "1966"]
[BlackElo "2222"]
[PlyCount "45"]
[EventDate "2018.09.15"]
[EventType "team-tourn"]
[EventRounds "6"]
[EventCountry "FIN"]
[SourceTitle "EXT 2020"]
[Source "ChessBase"]
[SourceDate "2019.10.17"]
[SourceVersion "1"]
[SourceVersionDate "2019.10.17"]
[SourceQuality "1"]
[WhiteTeam "Helsinki HSK III"]
[BlackTeam "Loimaa SK"]
[WhiteTeamCountry "FIN"]
[BlackTeamCountry "FIN"]

1. d4 Nf6 2. Nf3 e6 3. c4 d5 4. cxd5 exd5 5. Bg5 c6 6. Qc2 Be7 7. e3 0-0 8. Bd3 Nbd7 9. 0-0 Re8 10. Nc3 Nf8 11. Rab1 a5 12. a3 Ng6 13. b4 Bd6 14. e4 dxe4 15. Nxe4 Be7 16. Rfe1 Nxe4 17. Bxe7 Rxe7 18. Rxe4 Rxe4 19. Bxe4 axb4 20. axb4 Be6 21. b5 Bd5 22. bxc6 bxc6 23. Bxd5 1/2-1/2

[Event "Helsinki Easter op"]
[Site "Helsinki"]
[Date "2018.04.01"]
[Round "5"]
[White "Lallukka, Taneli"]
[Black "Aura, Kristian"]
[Result "1/2-1/2"]
[WhiteElo "1860"]
[BlackElo "1994"]
[PlyCount "99"]
[EventDate "2018.03.30"]
[EventType "swiss"]
[EventRounds "6"]
[EventCountry "FIN"]
[SourceTitle "EXT 2019"]
[Source "ChessBase"]
[SourceDate "2018.10.10"]
[SourceVersion "1"]
[SourceVersionDate "2018.10.10"]
[SourceQuality "1"]

1. d4 d5 2. c4 e6 3. Nc3 c6 4. Nf3 Nf6 5. Bg5 dxc4 6. e4 b5 7. e5 h6 8. Bh4 g5 9. Bg3 Nd5 10. Nxd5 Qxd5 11. Be2 Bb4+ 12. Kf1 Bb7 13. Ne1 Na6 14. Nc2 0-0-0 15. Bf3 Qd7 16. Qe2 Be7 17. a3 Nc7 18. a4 b4 19. Rd1 c3 20. bxc3 bxc3 21. Kg1 Nd5 22. Qc4 h5 23. h4 g4 24. Bxd5 Qxd5 25. Qxc3 c5 26. Ne3 Qe4 27. Kh2 Rxd4 28. Rxd4 Qxd4 29. Qxd4 cxd4 30. Nc4 Bb4 31. Nd6+ Kb8 32. Rd1 Bxd6 33. exd6 Kc8 34. Rxd4 Kd7 35. Be5 Rc8 36. Rf4 f5 37. Rb4 Bd5 38. Kg3 Ra8 39. f3 Rg8 40. fxg4 Rxg4+ 41. Rxg4 fxg4 42. Kf2 a5 43. g3 Bb3 44. Ke3 Bxa4 45. Kf4 Kd8 46. Kg5 Be8 47. Bb2 Kd7 48. Ba3 e5 49. Kf5 e4 50. Kxe4 1/2-1/2

[Event "Helsinki Easter op"]
[Site "Helsinki"]
[Date "2018.03.31"]
[Round "3"]
[White "Norlamo, Sarabella"]
[Black "Aura, Kristian"]
[Result "1/2-1/2"]
[WhiteElo "1821"]
[BlackElo "1994"]
[PlyCount "117"]
[EventDate "2018.03.30"]
[EventType "swiss"]
[EventRounds "6"]
[EventCountry "FIN"]
[SourceTitle "EXT 2019"]
[Source "ChessBase"]
[SourceDate "2018.10.10"]
[SourceVersion "1"]
[SourceVersionDate "2018.10.10"]
[SourceQuality "1"]

1. d4 d5 2. Nf3 c6 3. e3 Nf6 4. Bd3 Nbd7 5. b3 e6 6. Bb2 Bd6 7. Nbd2 Qe7 8. Ne5 Nf8 9. 0-0 Ng6 10. f4 0-0 11. Rf3 Nd7 12. Rh3 Bxe5 13. dxe5 Re8 14. Qh5 Ndf8 15. Bxg6 fxg6 16. Qe2 b6 17. Rd1 Bb7 18. Qf2 Red8 19. Nf3 c5 20. Ba3 b5 21. Ng5 b4 22. Bb2 a5 23. a4 bxa3 24. Bxa3 a4 25. bxa4 Rxa4 26. Bc1 Bc6 27. Qd2 Rb8 28. Rf3 Ra2 29. Rf2 Ba4 30. Qc3 Rb4 31. Rdd2 Rb1 32. Rf1 Raa1 33. Rdd1 Qc7 34. Qd2 Qb6 35. Nf3 Qb4 36. Qxb4 Rxb4 37. c3 Bxd1 38. cxb4 Rxc1 39. bxc5 Kf7 40. Nd2 Ke7 41. Kf2 Kd7 42. Kg1 Kc7 43. c6 Kxc6 44. Nb3 Rb1 45. Nd2 Ra1 46. Nb3 Ra3 47. Nd4+ Kc5 48. Rxd1 Rxe3 49. Nf3 Re4 50. g3 h6 51. h4 Nd7 52. Ra1 d4 53. Rc1+ Kd5 54. Rc8 Re3 55. Kf2 Ke4 56. Nxd4 Kxd4 57. Rd8 Ke4 58. Rxd7 Ra3 59. Rd2 1/2-1/2

[Event "FIN-chT 1718"]
[Site "Finland"]
[Date "2017.12.03"]
[Round "6.8"]
[White "Aura, Kristian"]
[Black "Alho, Sauli"]
[Result "1/2-1/2"]
[WhiteElo "1974"]
[BlackElo "2074"]
[PlyCount "52"]
[EventDate "2017.09.16"]
[EventType "team-tourn"]
[EventRounds "11"]
[EventCountry "FIN"]
[SourceTitle "EXT 2019"]
[Source "ChessBase"]
[SourceDate "2018.10.10"]
[SourceVersion "1"]
[SourceVersionDate "2018.10.10"]
[SourceQuality "1"]
[WhiteTeam "Helsinki HSK"]
[BlackTeam "Helsinki SSK"]
[WhiteTeamCountry "FIN"]
[BlackTeamCountry "FIN"]

1. d4 f5 2. g3 Nf6 3. Bg2 g6 4. Nf3 Bg7 5. 0-0 0-0 6. b3 d6 7. Bb2 e6 8. c4 Nc6 9. d5 exd5 10. cxd5 Ne7 11. Ng5 h6 12. Nh3 g5 13. f4 g4 14. Nf2 h5 15. Na3 h4 16. Rc1 hxg3 17. hxg3 Bd7 18. Nc4 b5 19. Ne3 Nh5 20. Bxg7 Kxg7 21. Qd4+ Kf7 22. Nh1 Qb8 23. Rfe1 Rc8 24. Nf1 Qb6 25. Red1 a5 26. Nf2 Nf6 1/2-1/2

[Event "FIN-chT2 Gp1 1718"]
[Site "Finland"]
[Date "2017.10.22"]
[Round "3.1"]
[White "Aura, Kristian"]
[Black "Pessi, Juha"]
[Result "1/2-1/2"]
[WhiteElo "1974"]
[BlackElo "2081"]
[PlyCount "48"]
[EventDate "2017.09.16"]
[EventType "team-tourn"]
[EventRounds "7"]
[EventCountry "FIN"]
[SourceTitle "EXT 2020"]
[Source "ChessBase"]
[SourceDate "2019.10.17"]
[SourceVersion "1"]
[SourceVersionDate "2019.10.17"]
[SourceQuality "1"]
[WhiteTeam "Helsinki HSK III"]
[BlackTeam "Helsinki KS 58 II"]
[WhiteTeamCountry "FIN"]
[BlackTeamCountry "FIN"]

1. d4 f5 2. Nf3 Nf6 3. g3 e6 4. c4 d6 5. Bg2 Be7 6. 0-0 0-0 7. b3 a5 8. Bb2 Qe8 9. Nc3 Qg6 10. Qc2 Nc6 11. a3 Bd7 12. d5 Nd8 13. dxe6 Bxe6 14. Nd4 c6 15. Rad1 Bc8 16. e3 Nf7 17. Nce2 Nh6 18. b4 axb4 19. axb4 Kh8 20. b5 c5 21. Nf4 Qf7 22. Nde2 Nhg4 23. Nd5 Nxd5 24. cxd5 Bd7 1/2-1/2

[Event "Espoo We MatSK A"]
[Site "Espoo"]
[Date "2016.02.26"]
[Round "1"]
[White "Luukkonen, Tommi"]
[Black "Aura, Kristian"]
[Result "1-0"]
[WhiteElo "2301"]
[BlackElo "1999"]
[PlyCount "95"]
[EventDate "2016.02.26"]
[EventType "swiss"]
[EventRounds "5"]
[EventCountry "FIN"]
[SourceTitle "EXT 2022"]
[Source "ChessBase"]
[SourceDate "2021.10.06"]
[SourceVersion "1"]
[SourceVersionDate "2021.10.06"]
[SourceQuality "1"]

1. d4 d5 2. c4 c6 3. Nf3 e6 4. e3 Nf6 5. b3 Nbd7 6. Bd3 Bd6 7. Bb2 Qe7 8. Ne5 0-0 9. 0-0 Ne8 10. Qc2 f5 11. Nd2 Ndf6 12. f3 Bd7 13. c5 Bc7 14. b4 g6 15. a4 Ng7 16. b5 Rfc8 17. Nb3 Be8 18. Qf2 Bxe5 19. dxe5 Nd7 20. Bd4 Bf7 21. Rac1 Nf8 22. g4 Qc7 23. h4 Nd7 24. Qg3 Rf8 25. h5 Kh8 26. h6 Ne8 27. gxf5 gxf5 28. Bxf5 Rg8 29. Bg4 Nef6 30. Kh2 Nxg4+ 31. fxg4 Bh5 32. Qh4 Bg6 33. Rf6 Rae8 34. Rcf1 Qd8 35. Qg3 Nxf6 36. exf6 Bf7 37. g5 Rg6 38. Nd2 Reg8 39. Nf3 Rxh6+ 40. Kg2 Qe8 41. Kf2 Rh5 42. bxc6 bxc6 43. Rb1 Rf8 44. Rb7 a5 45. Ne5 Kg8 46. Nxf7 Qa8 47. Nh6+ Kh8 48. f7+ 1-0

[Event "Helsinki We LauttSK"]
[Site "Helsinki"]
[Date "2014.10.26"]
[Round "4"]
[White "Kumpulainen, Jari"]
[Black "Aura, Kristian"]
[Result "1-0"]
[WhiteElo "1959"]
[BlackElo "1949"]
[PlyCount "73"]
[EventDate "2014.10.24"]
[EventType "swiss"]
[EventRounds "5"]
[EventCountry "FIN"]
[SourceTitle "EXT 2022"]
[Source "ChessBase"]
[SourceDate "2021.10.06"]
[SourceVersion "1"]
[SourceVersionDate "2021.10.06"]
[SourceQuality "1"]

1. d4 d5 2. c4 e6 3. Nf3 c6 4. Nc3 Nf6 5. Bg5 dxc4 6. a4 Bb4 7. Qc2 Nbd7 8. e4 Qa5 9. Bxc4 Bxc3+ 10. bxc3 Nxe4 11. Bd2 Ndf6 12. 0-0 Nxd2 13. Nxd2 0-0 14. Rfe1 Nd5 15. Rac1 b5 16. Bd3 h6 17. Nb3 Qb6 18. axb5 cxb5 19. Nc5 a6 20. Rb1 Rd8 21. Be4 Ra7 22. Bf3 Bd7 23. Bxd5 exd5 24. Re3 a5 25. Rbe1 Bc6 26. Qf5 a4 27. Rg3 Rd6 28. Qe5 Rg6 29. Rxg6 fxg6 30. Qe6+ Kh7 31. Nd3 a3 32. Ne5 a2 33. Qxg6+ Kg8 34. Ra1 b4 35. Nxc6 b3 36. Ne7+ Rxe7 37. Qxb6 1-0

[Event "Helsinki We HSK"]
[Site "Helsinki"]
[Date "2014.08.31"]
[Round "4"]
[White "Aura, Kristian"]
[Black "Ertbjerg, Per"]
[Result "1/2-1/2"]
[WhiteElo "1978"]
[BlackElo "2015"]
[PlyCount "126"]
[EventDate "2014.08.29"]
[EventType "swiss"]
[EventRounds "5"]
[EventCountry "FIN"]
[SourceTitle "EXT 2022"]
[Source "ChessBase"]
[SourceDate "2021.10.06"]
[SourceVersion "1"]
[SourceVersionDate "2021.10.06"]
[SourceQuality "1"]

1. d4 d5 2. Nf3 c6 3. c4 dxc4 4. e4 b5 5. a4 Nf6 6. e5 Nd5 7. axb5 cxb5 8. b3 Qc7 9. bxc4 bxc4 10. Qa4+ Bd7 11. Qxc4 e6 12. Qxc7 Nxc7 13. Ba3 Nc6 14. Bd3 Nb4 15. Be4 Ncd5 16. 0-0 a5 17. Nbd2 Rc8 18. Rfc1 Nc3 19. Bb7 Ne2+ 20. Kf1 Nxc1 21. Bxc8 Bb5+ 22. Kg1 Ne2+ 23. Kh1 Nc2 24. Bxf8 Nxa1 25. Bxg7 Rg8 26. Bf6 Bc6 27. Ng5 h6 28. Nge4 Nxd4 29. Bh4 Nf5 30. Nf6+ Kf8 31. Nxg8 Nxh4 32. Nxh6 Nxg2 33. Kg1 Nf4 34. Nc4 Nb3 35. Ng4 a4 36. Na3 Nd2 37. h4 Nf3+ 38. Kf1 Nxh4 39. Ba6 Nhg6 40. Nc2 Be4 41. Na3 Bf3 42. Nh2 Bd1 43. Ke1 Bb3 44. Ng4 Nd5 45. Kd2 Ke7 46. Bb5 Kd8 47. Nb1 Kc7 48. Be8 Nb6 49. Bxf7 Nh4 50. f4 Nc4+ 51. Kc3 Ne3 52. Nxe3 Kb6 53. Nd2 Ba2 54. Kb2 Bd5 55. Nxd5+ exd5 56. Be6 Ng6 57. f5 Nxe5 58. f6 Kc5 59. Bg8 Kd6 60. f7 Ke7 61. Ka3 Nxf7 62. Kxa4 Kf8 63. Bxf7 Kxf7 1/2-1/2

[Event "Helsinki We HSK"]
[Site "Helsinki"]
[Date "2014.08.31"]
[Round "5"]
[White "Norri, Joose"]
[Black "Aura, Kristian"]
[Result "0-1"]
[WhiteElo "2353"]
[BlackElo "1978"]
[PlyCount "60"]
[EventDate "2014.08.29"]
[EventType "swiss"]
[EventRounds "5"]
[EventCountry "FIN"]
[SourceTitle "EXT 2022"]
[Source "ChessBase"]
[SourceDate "2021.10.06"]
[SourceVersion "1"]
[SourceVersionDate "2021.10.06"]
[SourceQuality "1"]

1. e4 e5 2. f4 exf4 3. Nf3 d5 4. exd5 Nf6 5. Bb5+ c6 6. dxc6 Nxc6 7. d4 Bd6 8. 0-0 0-0 9. Nc3 Bg4 10. Ne2 Nd5 11. Bxc6 bxc6 12. c4 Ne3 13. Bxe3 fxe3 14. Qd3 Re8 15. Rae1 Re6 16. Ng3 Qe7 17. Nf5 Bxf5 18. Qxf5 h6 19. Re2 Re8 20. g4 Rf6 21. Qd3 Rg6 22. h3 Re6 23. a3 Bg3 24. b4 Bf2+ 25. Kg2 Qc7 26. Rfxf2 exf2 27. Rxf2 Re3 28. Qf5 R8e6 29. Qc5 Qf4 30. d5 Rf6 0-1

[Event "Helsinki We HSK"]
[Site "Helsinki"]
[Date "2014.08.30"]
[Round "3"]
[White "Paronen, Petteri"]
[Black "Aura, Kristian"]
[Result "0-1"]
[WhiteElo "2136"]
[BlackElo "1978"]
[PlyCount "62"]
[EventDate "2014.08.29"]
[EventType "swiss"]
[EventRounds "5"]
[EventCountry "FIN"]
[SourceTitle "EXT 2022"]
[Source "ChessBase"]
[SourceDate "2021.10.06"]
[SourceVersion "1"]
[SourceVersionDate "2021.10.06"]
[SourceQuality "1"]

1. e4 e5 2. Bc4 Nc6 3. Nf3 Bc5 4. d3 Nf6 5. c3 0-0 6. Bg5 a6 7. Nbd2 d6 8. Bb3 Qe7 9. Qe2 Nd8 10. 0-0 Ne6 11. Be3 Re8 12. Bxe6 Qxe6 13. Bxc5 dxc5 14. Nc4 Nd7 15. Nfd2 Nb6 16. Ne3 Qd6 17. Ndc4 Nxc4 18. Nxc4 Qh6 19. Rad1 Bd7 20. f4 exf4 21. Qf2 Bg4 22. Rd2 b5 23. Na5 f3 24. Re1 fxg2 25. Qxg2 Re6 26. Rf2 Rg6 27. Kh1 Be2 28. Rfxe2 Rxg2 29. Rxg2 Rd8 30. Rd1 Qe3 31. Rgd2 Rd6 0-1

[Event "Helsinki We Garde 3rd Group B"]
[Site "Helsinki"]
[Date "2014.03.01"]
[Round "3"]
[White "Aura, Kristian"]
[Black "Gronroos, Matti"]
[Result "0-1"]
[WhiteElo "1983"]
[BlackElo "2000"]
[PlyCount "72"]
[EventDate "2014.02.28"]
[EventType "swiss"]
[EventRounds "5"]
[EventCountry "FIN"]
[SourceTitle "EXT 2022"]
[Source "ChessBase"]
[SourceDate "2021.10.06"]
[SourceVersion "1"]
[SourceVersionDate "2021.10.06"]
[SourceQuality "1"]

1. d4 d5 2. Nf3 Nf6 3. c4 c6 4. Nc3 dxc4 5. a4 Bf5 6. e3 Bd3 7. Bxd3 cxd3 8. Qxd3 e6 9. 0-0 Be7 10. e4 0-0 11. Bg5 h6 12. Bh4 a5 13. e5 Nd5 14. Bxe7 Nxe7 15. Ne4 Na6 16. Nd6 Nb4 17. Qe4 Qc7 18. Rac1 Rad8 19. h4 Nc8 20. Nc4 Ne7 21. h5 Rd7 22. g4 Qd8 23. Kh1 g5 24. hxg6 fxg6 25. Nd6 Nbd5 26. Nh2 Rf4 27. Qd3 Nb4 28. Qh3 Qf8 29. g5 Nf5 30. Ng4 Nd5 31. Nxh6+ Nxh6 32. Qxe6+ Rdf7 33. Qxg6+ Rg7 34. Qe6+ Nf7 35. g6 Rh4+ 36. Kg1 Nf4 0-1

[Event "Helsinki We Garde 3rd Group B"]
[Site "Helsinki"]
[Date "2014.03.01"]
[Round "2"]
[White "Kukkonen, Simo"]
[Black "Aura, Kristian"]
[Result "0-1"]
[WhiteElo "1824"]
[BlackElo "1983"]
[PlyCount "72"]
[EventDate "2014.02.28"]
[EventType "swiss"]
[EventRounds "5"]
[EventCountry "FIN"]
[SourceTitle "EXT 2022"]
[Source "ChessBase"]
[SourceDate "2021.10.06"]
[SourceVersion "1"]
[SourceVersionDate "2021.10.06"]
[SourceQuality "1"]

1. e4 e5 2. Nf3 Nc6 3. Bb5 a6 4. Ba4 Nf6 5. 0-0 Be7 6. Re1 b5 7. Bb3 d6 8. c3 0-0 9. h3 Na5 10. Bc2 c5 11. d4 Qc7 12. Nbd2 Rd8 13. d5 g6 14. Nf1 Ne8 15. Ne3 Ng7 16. Nh2 f5 17. exf5 gxf5 18. g4 Rf8 19. gxf5 Kh8 20. Qf3 Bg5 21. Nhg4 Qf7 22. f6 Bxf6 23. Nxf6 Qxf6 24. Qxf6 Rxf6 25. Ng4 Rf8 26. Bh6 Ra7 27. Rf1 Raf7 28. Rae1 Nc4 29. b3 Nb6 30. Be4 Bb7 31. Ne3 Rg8 32. Kh2 Nh5 33. Nf5 Rg6 34. Rd1 Rxf5 35. Bxf5 Rxh6 36. Be6 Nf4 0-1

[Event "Espoo We MatSK"]
[Site "Espoo"]
[Date "2014.02.23"]
[Round "5"]
[White "Aura, Kristian"]
[Black "Bergman, Thomas"]
[Result "1/2-1/2"]
[WhiteElo "1983"]
[BlackElo "1837"]
[PlyCount "60"]
[EventDate "2014.02.21"]
[EventType "swiss"]
[EventRounds "5"]
[EventCountry "FIN"]
[SourceTitle "EXT 2022"]
[Source "ChessBase"]
[SourceDate "2021.10.06"]
[SourceVersion "1"]
[SourceVersionDate "2021.10.06"]
[SourceQuality "1"]

1. d4 d5 2. Nf3 Nf6 3. c4 c6 4. Nc3 g6 5. e3 Bg7 6. b3 0-0 7. Bb2 Bg4 8. Bd3 Nbd7 9. cxd5 Nxd5 10. Nxd5 cxd5 11. 0-0 e5 12. Be2 e4 13. Nd2 Be6 14. Rc1 Qa5 15. a3 Rac8 16. b4 Qb6 17. Nb3 f5 18. f4 exf3 19. Bxf3 Nf6 20. Nc5 Rfe8 21. Qd2 Bh6 22. Nd3 Qd6 23. Ne5 Nd7 24. Rxc8 Rxc8 25. Rc1 Rxc1+ 26. Qxc1 Nxe5 27. dxe5 Qc6 28. Kf2 Qb6 29. Qd2 f4 30. Bd4 fxe3+ 1/2-1/2

[Event "Helsinki We HSK 1st 60+60"]
[Site "Helsinki"]
[Date "2014.??.??"]
[Round "1"]
[White "Aura, Kristian"]
[Black "Aaltio, Erkki"]
[Result "0-1"]
[WhiteElo "1983"]
[BlackElo "2110"]
[PlyCount "52"]
[EventDate "2014.??.??"]
[EventType "swiss"]
[EventRounds "5"]
[EventCountry "FIN"]
[SourceTitle "EXT 2022"]
[Source "ChessBase"]
[SourceDate "2021.10.06"]
[SourceVersion "1"]
[SourceVersionDate "2021.10.06"]
[SourceQuality "1"]

1. d4 Nf6 2. Nf3 d5 3. c4 c6 4. Nc3 a6 5. e3 g6 6. Bd3 Bg7 7. 0-0 dxc4 8. Bxc4 0-0 9. Re1 Nbd7 10. e4 b5 11. Bb3 Nb6 12. h3 a5 13. a4 b4 14. Nb1 Ba6 15. Qc2 Rc8 16. Be3 Nfd7 17. Nbd2 c5 18. dxc5 Nxc5 19. Bxc5 Nd7 20. Bxe7 Qxe7 21. Qb1 Nc5 22. Bc2 Rfd8 23. Qa2 Nd3 24. Bxd3 Rxd3 25. Rac1 Rcd8 26. Nb3 Qe6 0-1